[Event "Muenster Bezirksliga 0506"]
[Site "Muenster"]
[Date "2005.11.19"]
[Round "3.7"]
[White "Koepplinger, Guenter"]
[Black "Hartmann, Steffen"]
[Result "1/2-1/2"]
[WhiteElo "1724"]
[BlackElo "1562"]
[PlyCount "113"]
[EventDate "2005.09.10"]
[EventType "team"]
[EventRounds "9"]
[EventCountry "GER"]
[SourceTitle "EXT 2007"]
[Source "ChessBase"]
[SourceDate "2006.11.23"]
[SourceVersion "1"]
[SourceVersionDate "2006.11.23"]
[SourceQuality "1"]
[WhiteTeam "Hiltrup"]
[BlackTeam "Muenster V"]
[WhiteTeamCountry "GER"]
[BlackTeamCountry "GER"]

1. d4 e6 2. Nf3 b6 3. e3 Nf6 4. Nbd2 Bb7 5. Bd3 d5 6. Qe2 Nbd7 7. 0-0 Be7 8. Ne5 0-0 9. f4 c5 10. c3 cxd4 11. exd4 Re8 12. Rf3 Bf8 13. Rh3 g6 14. g4 Bg7 15. g5 Nh5 16. Rxh5 Nxe5 17. fxe5 gxh5 18. Qxh5 Kf8 19. Nf3 Ke7 20. Qxh7 Rg8 21. g6 Qf8 22. Bg5+ Kd7 23. Bf6 fxg6 24. Ng5 Kc6 25. Rf1 Bc8 26. a4 a6 27. b4 b5 28. Bxg6 Bxf6 29. Rxf6 Qg7 30. Be8+ Bd7 31. Bxd7+ Kc7 32. Kh1 Qxh7 33. Nxh7 Kxd7 34. a5 Rg7 35. Rh6 Rc8 36. Nf6+ Ke7 37. Rh3 Rf8 38. Rf3 Rh8 39. h3 Rg6 40. Kh2 Rgh6 41. Ng4 Rh4 42. Nf2 Rc8 43. Kg3 Rh7 44. Kg2 Rf7 45. Rg3 Rcf8 46. Ng4 Rf1 47. Nf6 Rc1 48. Rg7+ Rf7 49. Rg3 Rc2+ 50. Kg1 Rxf6 51. exf6+ Kxf6 52. h4 Re2 53. h5 Re4 54. Kg2 Rh4 55. Rh3 Rg4+ 56. Kf3 Rg7 57. Kf4 1/2-1/2